000 00683cam a22002177a 4500
999 _c126987
_d126987
001 14818139
003 ARRUPE
005 20170929091401.0
008 060905s2006 po 000 0 por
010 _a 2007439092
020 _a9722117955
040 _aDLC
_cDLC
050 0 0 _aMLCS 2007/46656 (P)
100 1 _aCouto, Mia,
_d1955-
_912281
245 1 2 _aO outro pé da sereia /
_cMia Couto.
250 _a2. a ed.
260 _aMaputo
_bNdajira
_c2010
300 _a382 p. ;
_c21 cm.
490 0 _aOutras margens ;
_v55
906 _a7
_bcbc
_corigres
_d4
_encip
_f20
_gy-gencatlg
942 _2lcc
_cMONOGRAPH